| 000 | 01013nam a2200253Ia 4500 | ||
|---|---|---|---|
| 003 | OSt | ||
| 005 | 20220923211017.0 | ||
| 006 | a|||||r|||| 00| 0 | ||
| 007 | ta | ||
| 008 | 220922b |||||||| |||| 00| 0 hin d | ||
| 020 |
_a8170554799 (hbk) _c125 |
||
| 024 | _a242,845 | ||
| 037 |
_b485, 02/03/2010, Vani Prakashan _cTextual |
||
| 040 |
_aARTS _cARTS _bhin |
||
| 041 |
_2hin _ahin |
||
| 082 | _aO152,1N19,MN:g, N6 | ||
| 100 | _aवत्स, राकेश | ||
| 245 | 0 | _aप्रेम - पथिक परम्परा में चन्द्रकुॅंवर बर्त्वाल की 'मेघनन्दिनी' | |
| 246 | _aPrem - pathik paramparā mean chandrakuॅanvar bartvāl kī 'meghanandinī' | ||
| 260 |
_aनयी दिल्ली _b वाणी प्रकाशन _c1996 |
||
| 300 |
_a154पृ. _ccm. |
||
| 942 |
_hO152,1N19,MN:g, N6 _cTEXL _2CC |
||
| 999 |
_c293902 _d293902 |
||